Paris Saint-Germain Top Scorers - Statistics

General Stats
  • This quiz has been taken 101 times
  • The average score is 9 of 25
Answer Stats
Country Goals Player (Answer) % Correct
France 201 Kylian Mbappe
100%
Uruguay 200 Edinson Cavani
95%
Sweden 156 Zlatan Ibrahimovic
95%
Brazil 118 Neymar Jr
85%
Argentina 93 Angel Di Maria
71%
Liberia 55 George Weah
60%
Portugal 109 Pauleta
53%
Brazil 46 Lucas Moura
34%
Argentina 35 Ezequiel Lavezzi
30%
Argentina 45 Javier Pastore
29%
Argentina 38 Mauro Icardi
28%
Brazil 48 Nene
27%
Brazil 38 Marquinhos
24%
Brazil 72 Rai
24%
Yugoslavia 85 Safet Susic
21%
France 44 David Ginola
13%
France 100 Dominique Rocheteau
13%
France 57 Guillaume Hoarau
13%
Algeria 53 Mustapha Dahleb
12%
Argentina 70 Carlos Bianchi
10%
France 37 Peguy Luyindula
6%
France 39 Luis Fernandez
3%
Chad 43 Nambatingue Toko
2%
France 36 Patrice Loko
2%
France 35 Dominique Bathenay
0%
No matching quizzes found
Score Distribution
Percent of People with Each Score
Percentile by Number Answered
Your Score History
You have not taken this quiz